NBA: Top 15 PPG in a Season by Players in Their 40's - Statistics

General Stats
  • This quiz has been taken 69 times
    12 since last reset
  • The average score is 9 of 15
Answer Stats
# Player PPG Age % Correct
1 LeBron James 24.4 40
100%
11 Vince Carter 8.0 40
100%
12 Vince Carter 7.4 42
100%
2 Michael Jordan 20.0 40
92%
13 Dirk Nowitzki 7.3 40
75%
3 Kareem Abdul-Jabbar 17.5 40
67%
4 Kareem Abdul-Jabbar 14.6 41
67%
9 Kareem Abdul-Jabbar 10.1 42
67%
6 Karl Malone 13.2 40
67%
5 John Stockton 13.4 40
42%
8 John Stockton 10.8 41
42%
7 Robert Parish 11.7 40
42%
15 Jason Kidd 6.0 40
25%
14 Steve Nash 6.8 40
25%
10 Manu Ginóbili 8.9 40
0%
No matching quizzes found
Score Distribution
Percent of People with Each Score
Percentile by Number Answered
Your Score History
You have not taken this quiz since the last reset